000 00622cam a22002173a 4500
001 38490
003 PGUSA
005 20140828083841.0
008 120103s2012||||xxu|||||s|||||000 | eng d
040 _aPGUSA
_beng
042 _adc
100 1 _aKingsley, Florence Morse,
_d1859-1937
245 1 0 _aAnd So They Were Married
_h[electronic resource] /
_cFlorence Morse Kingsley
260 _bProject Gutenberg,
_c2012
506 _aPublic domain in the USA.
516 _aElectronic text
700 1 _aKing, W. B.
830 0 _aProject Gutenberg
_v38490
856 4 0 _uhttp://www.gutenberg.org/ebooks/38490
942 _cEB
999 _c267744
_d267744